[Event "Women's Speed Chess Q8"]
[Site "chess.com INT"]
[Date "2021.06.06"]
[Round "9"]
[White "Matveeva, Olga"]
[Black "Perez Rodriguez, Jennifer"]
[Result "0-1"]
[WhiteTitle "WIM"]
[BlackTitle "WIM"]
[WhiteElo "2145"]
[BlackElo "2251"]
[WhiteFideId "24107018"]
[BlackFideId "3507831"]
[EventDate "2021.06.06"]

1. d4 d5 2. c4 c6 3. Nf3 Nf6 4. e3 e6 5. b3 Bd6 6. Bd3 O-O 7. O-O Nbd7 8. Ba3
Qe7 9. Bxd6 Qxd6 10. Nbd2 e5 11. dxe5 Nxe5 12. Nxe5 Qxe5 13. Nf3 Qe7 14. Qc2 h6
15. Rfd1 Bg4 16. Be2 Rad8 17. h3 Bh5 18. Rac1 Bg6 19. Qb2 Rfe8 20. Nd4 Ne4 21.
Bf3 Qe5 22. Qa3 a6 23. cxd5 Rxd5 24. Bxe4 Bxe4 25. Ne2 Red8 26. Rd4 Rxd4 27.
Nxd4 Qg5 28. g3 h5 29. Qc5 Rd5 30. Qa7 h4 31. Qb8+ Kh7 32. Qf4 hxg3 33. fxg3 Qg6
34. Qh4+ Rh5 35. Qg4 Rg5 36. Qh4+ Kg8 37. Kh2 Bd5 38. Rf1 c5 39. Ne2 Qe4 40.
Qxe4 Bxe4 41. Nf4 Re5 42. Rd1 g5 43. Rd8+ Kg7 44. Nh5+ Kg6 45. g4 f5 46. Rg8+
Kf7 47. Rg7+ Ke6 48. Kg3 fxg4 49. hxg4 Kd5 50. Rd7+ Kc6 51. Rd8 Kb5 52. Nf6 Bc6
53. Kf2 Kb4 54. Rg8 Ka3 55. Nh7 Kxa2 56. Nxg5 Kxb3 57. Nf7 Re7 58. Nd6 a5 59.
Nf5 Rf7 60. Ke2 a4 61. Nd6 Re7 62. g5 a3 63. g6 a2 64. Ra8 Rg7 0-1

[Event "Women's Speed Chess Q8"]
[Site "chess.com INT"]
[Date "2021.06.06"]
[Round "9"]
[White "Mohota, Nisha"]
[Black "Pandey, Srishti"]
[Result "1-0"]
[WhiteTitle "IM"]
[BlackTitle "WFM"]
[WhiteElo "2195"]
[BlackElo "2026"]
[WhiteFideId "5004330"]
[BlackFideId "35093290"]
[EventDate "2021.06.06"]

1. b3 Nf6 2. Bb2 g6 3. Nf3 Bg7 4. g3 d6 5. d4 O-O 6. Bg2 Nbd7 7. O-O Re8 8. c4
e5 9. dxe5 Ng4 10. Qc1 Ngxe5 11. Nc3 c6 12. Rd1 Qc7 13. Qd2 Bf8 14. Ba3 Nxf3+
15. exf3 Nc5 16. Ne4 Nxe4 17. fxe4 Rd8 18. Rac1 Bg4 19. f3 Be6 20. Bb2 Bg7 21.
Bxg7 Kxg7 22. Qc3+ Kg8 23. Rd2 d5 24. cxd5 Qb6+ 25. Kh1 cxd5 26. exd5 Bxd5 27.
Rcd1 Bc6 28. Rxd8+ Rxd8 29. Rxd8+ Qxd8 30. h3 Qd1+ 31. Kh2 Qe2 32. a4 h5 33. h4
a6 34. a5 Qe6 35. b4 Qa2 36. Qf6 Bb5 37. Qd8+ Kh7 38. Qd1 Qb2 39. Qe1 Kg7 40.
Kh3 Bd7+ 41. Kh2 Bc6 42. Kh3 Qd4 43. f4 Bd7+ 44. Kh2 Qb2 45. Qe5+ Qxe5 46. fxe5
Bc6 47. Bxc6 bxc6 48. Kg2 Kf8 49. Kf3 Ke7 50. Ke4 f6 51. exf6+ Kxf6 52. Kd4 Kf5
53. Kc5 Kg4 54. Kxc6 Kxg3 55. b5 Kxh4 56. bxa6 g5 57. a7 g4 58. a8=Q g3 59. Kc5
Kh3 60. Qh1+ Kg4 61. a6 h4 62. a7 h3 63. a8=Q g2 64. Qaxg2+ hxg2 65. Qxg2+ Kf4
66. Qe2 Kg3 67. Kd4 Kh3 68. Qf1+ Kg3 69. Ke4 Kh4 1-0

[Event "Women's Speed Chess Q8"]
[Site "chess.com INT"]
[Date "2021.06.06"]
[Round "9"]
[White "Obregon Garcia, Roxangel"]
[Black "Antonova, Nadezhda"]
[Result "0-1"]
[WhiteTitle "WIM"]
[BlackTitle "WFM"]
[WhiteElo "2167"]
[BlackElo "1877"]
[WhiteFideId "3520420"]
[BlackFideId "14700182"]
[EventDate "2021.06.06"]

1. e4 c5 2. Nf3 d6 3. d4 cxd4 4. Qxd4 Nf6 5. h3 e5 6. Qe3 Be7 7. Be2 O-O 8. O-O
Be6 9. Rd1 Qc7 10. Nc3 a6 11. Bd2 Nbd7 12. Rac1 b5 13. Be1 Nc5 14. Nd5 Nxd5 15.
exd5 Bf5 16. c4 b4 17. Nd2 a5 18. Bg4 Bg6 19. Nb3 f5 20. Nxc5 Qxc5 21. Qxc5 dxc5
22. Be2 Bd6 23. f3 a4 24. Bf2 Rf7 25. Bd3 Raf8 26. Be3 h6 27. Bc2 Ra7 28. Re1
Bh7 29. Bf2 Re8 30. Bg3 a3 31. b3 Rae7 32. Re2 Kf7 33. Rce1 g5 34. h4 Kf6 35.
hxg5+ hxg5 36. Bh2 Bg6 37. Bg3 Bh7 38. Bh2 Bg6 39. Kf2 Rh7 40. Bg3 f4 41. Bxg6
Kxg6 42. Bxf4 gxf4 43. g3 fxg3+ 44. Kxg3 Kf5 45. Re4 Rg8+ 46. Kf2 Rh2+ 47. Ke3
Rxa2 48. Rh1 Rg5 49. Rh6 Rg6 50. Rh5+ Kf6 51. f4 exf4+ 52. Kf3 Rb2 53. Re6+ Kg7
54. Ke4 Rxb3 55. Rxg6+ Kxg6 0-1

[Event "Women's Speed Chess Q8"]
[Site "chess.com INT"]
[Date "2021.06.06"]
[Round "9"]
[White "Bulmaga, Irina"]
[Black "Kulon, Klaudia"]
[Result "1-0"]
[WhiteTitle "IM"]
[BlackTitle "IM"]
[WhiteElo "2440"]
[BlackElo "2363"]
[WhiteFideId "13903063"]
[BlackFideId "1131044"]
[EventDate "2021.06.06"]

1. e4 e5 2. Nf3 Nc6 3. d4 exd4 4. Nxd4 Nf6 5. Nxc6 bxc6 6. e5 Qe7 7. Qe2 Nd5 8.
c4 Ba6 9. b3 g6 10. g3 Bg7 11. Bb2 O-O 12. Bg2 Rfe8 13. O-O Bxe5 14. Bxe5 Qxe5
15. Qxe5 Rxe5 16. cxd5 Bxf1 17. Kxf1 cxd5 18. f4 Re3 19. Bxd5 Rae8 20. Nd2 Rd3
21. Ne4 Kg7 22. Bc4 Rd4 23. Nc3 c6 24. Rd1 Rxd1+ 25. Nxd1 d5 26. Be2 Kf6 27. Ke1
h5 28. Kd2 Kf5 29. Bf3 h4 30. Ne3+ Kf6 31. g4 g5 32. Nc2 gxf4 33. b4 Ke5 34. Kd3
Kd6 35. h3 f6 36. a3 Re7 37. Bg2 c5 38. bxc5+ Kxc5 39. Bf3 a5 40. Bd1 Re8 41.
Kc3 Re4 42. Bf3 Rc4+ 43. Kd3 d4 44. Bd1 Rc3+ 45. Ke4 d3 46. Ne1 Kc4 47. Nxd3
Rxa3 48. Nxf4 Rg3 49. Kf5 Kb4 50. Kxf6 a4 51. Bxa4 Kxa4 52. Kg5 Rf3 53. Kf5 Kb5
54. g5 Kc5 55. g6 Kd6 56. g7 Rg3 57. Ng6 Rf3+ 58. Kg5 Rg3+ 59. Kh6 Rxh3 60. g8=Q
Rg3 61. Qb8+ Ke6 62. Nxh4 1-0

[Event "Women's Speed Chess Q8"]
[Site "chess.com INT"]
[Date "2021.06.06"]
[Round "9"]
[White "Varshini, V"]
[Black "Arpita, Mukherjee"]
[Result "1-0"]
[WhiteTitle "WGM"]
[BlackTitle "WIM"]
[WhiteElo "2226"]
[BlackElo "2206"]
[WhiteFideId "5091241"]
[BlackFideId "5056403"]
[EventDate "2021.06.06"]

1. e4 c5 2. Nc3 a6 3. Nge2 b5 4. g3 Bb7 5. Bg2 d6 6. d3 Nf6 7. O-O e6 8. f4 Nc6
9. h3 Be7 10. g4 d5 11. Ng3 dxe4 12. Ncxe4 Nxe4 13. Nxe4 O-O 14. Be3 Nd4 15. c3
f5 16. cxd4 fxe4 17. dxc5 Qc7 18. dxe4 Bxc5 19. Bxc5 Qxc5+ 20. Kh2 Rad8 21. Qb3
Rd2 22. Rad1 Rxg2+ 23. Kxg2 Bxe4+ 24. Kg3 Bd5 25. Qc3 Qa7 26. Qd4 Qc7 27. Rc1
Qf7 28. Qe5 Qg6 29. f5 Qg5 30. Rc7 h5 31. Qf4 h4+ 32. Kh2 Qf6 33. Rf2 e5 34. Qd2
Qd6 35. Rc3 b4 36. Rc1 e4+ 37. Qf4 Qb6 38. Rd1 Bc6 39. Rd6 Qc5 40. Re2 e3 41.
Rd1 Re8 42. Rde1 Bb5 43. Rxe3 Qc2+ 44. Kg1 Rxe3 45. Qxe3 Bc6 46. Qe6+ 1-0

[Event "Women's Speed Chess Q8"]
[Site "chess.com INT"]
[Date "2021.06.06"]
[Round "9"]
[White "Buksa, Nataliya"]
[Black "Vo, Thi Kim Phung"]
[Result "0-1"]
[WhiteTitle "IM"]
[BlackTitle "WGM"]
[WhiteElo "2413"]
[BlackElo "2335"]
[WhiteFideId "14123622"]
[BlackFideId "12401838"]
[EventDate "2021.06.06"]

1. e4 e6 2. d4 d5 3. Nd2 Nf6 4. e5 Nfd7 5. Ngf3 c5 6. c3 b6 7. Bb5 Ba6 8. Qe2
Qc8 9. a4 Bxb5 10. axb5 a6 11. O-O Qb7 12. b3 axb5 13. Rxa8 Qxa8 14. Qxb5 Qa6
15. Qxa6 Nxa6 16. Bb2 Be7 17. Ra1 Ndb8 18. c4 Kd7 19. Kf1 Rc8 20. Ke2 Nb4 21.
Ra7+ Rc7 22. Ra8 N4a6 23. dxc5 bxc5 24. b4 cxb4 25. cxd5 exd5 26. Nd4 Bc5 27.
N2b3 Bb6 28. Kd3 Kc8 29. Nb5 Kb7 30. Nxc7 Bxc7 31. Rxb8+ Nxb8 32. f4 Nc6 33. g3
h5 34. e6 fxe6 35. Nc5+ Kc8 36. Nxe6 g6 37. Nf8 Ne7 38. Bf6 Bd6 39. Ne6 Kd7 40.
Nd4 Nf5 41. Nc2 Kc6 42. Ne1 Kb5 43. Nf3 b3 44. Kc3 Ka4 45. Kb2 Ba3+ 46. Kb1 Bb4
47. Bd4 Kb5 48. Be5 Kc4 49. Ng5 Kd3 50. Ne6 Bc3 51. Nc7 d4 52. Nb5 Kc4 53. Nd6+
Kd5 54. Nxf5 gxf5 55. h3 Kc4 56. Bf6 d3 0-1

[Event "Women's Speed Chess Q8"]
[Site "chess.com INT"]
[Date "2021.06.06"]
[Round "9"]
[White "Gevorgyan, Maria"]
[Black "Mkrtchian, Lilit"]
[Result "0-1"]
[WhiteTitle "WGM"]
[BlackTitle "IM"]
[WhiteElo "2219"]
[BlackElo "2388"]
[WhiteFideId "13300270"]
[BlackFideId "13300601"]
[EventDate "2021.06.06"]

1. e4 e6 2. d4 d5 3. Bd3 dxe4 4. Bxe4 Nf6 5. Bf3 c5 6. Ne2 Nc6 7. Be3 cxd4 8.
Nxd4 Ne5 9. Nc3 a6 10. Qe2 Nxf3+ 11. Qxf3 e5 12. Nb3 Bb4 13. O-O O-O 14. Qg3
Bxc3 15. bxc3 Qc7 16. Bc5 Re8 17. Rad1 Ne4 18. Qe3 Nxc5 19. Nxc5 Bf5 20. Ne4
Rad8 21. Rb1 f6 22. Nc5 Bc8 23. Rb4 Rd5 24. Ne4 Red8 25. Qg3 Kh8 26. h4 Bf5 27.
h5 a5 28. Qf3 axb4 29. Qxf5 h6 30. Qf3 bxc3 31. Rb1 Qc6 32. Rb3 Rd1+ 33. Kh2
R1d4 34. Nxc3 Qxf3 35. gxf3 Rc4 36. Kg3 Rdc8 37. Ne4 Rxc2 38. a4 Ra2 39. Rxb7
Rxa4 40. Nd6 Rf8 41. Nf5 Rg8 42. Nh4 Ra5 43. Ng6+ Kh7 44. Rf7 Raa8 45. Rd7 Rgd8
46. Re7 Re8 47. Rf7 Ra4 48. Nh4 Kg8 49. Rc7 Rf8 50. Nf5 Rf7 51. Rc8+ Kh7 52. Nd6
Rd7 53. Nf5 Rad4 54. Rc6 Rd3 55. Re6 Rd1 56. Nh4 Rg1+ 57. Kh2 Rg5 58. Kh3 Rxh5
59. Kg4 Rg5+ 60. Kh3 Rd4 61. f4 Rxf4 62. Re8 Rh5 0-1

[Event "Women's Speed Chess Q8"]
[Site "chess.com INT"]
[Date "2021.06.06"]
[Round "9"]
[White "Cyfka, Karina"]
[Black "Gaponenko, Inna"]
[Result "1-0"]
[WhiteTitle "IM"]
[BlackTitle "IM"]
[WhiteElo "2417"]
[BlackElo "2357"]
[WhiteFideId "1122681"]
[BlackFideId "14101181"]
[EventDate "2021.06.06"]

1. d4 g6 2. e4 Bg7 3. Nf3 d6 4. c4 Bg4 5. Be3 Nc6 6. Be2 Bxf3 7. Bxf3 e5 8. d5
Nd4 9. Nd2 c5 10. dxc6 bxc6 11. Bxd4 exd4 12. e5 Ne7 13. exd6 Qxd6 14. O-O O-O
15. Re1 Rab8 16. b3 c5 17. Ne4 Qc7 18. Qd3 Nf5 19. g3 Nd6 20. Nxd6 Qxd6 21. Bd5
Rfe8 22. Kg2 a5 23. Qf3 Qc7 24. Rad1 Rbd8 25. Re4 Rxe4 26. Qxe4 Kf8 27. Re1 Bf6
28. Qf3 Kg7 29. Re4 Rd7 30. h4 h5 31. g4 hxg4 32. Rxg4 Re7 33. h5 Qe5 34. hxg6
fxg6 35. Be4 g5 36. Qh3 Qe6 37. Qh7+ Kf8 38. Qh6+ Ke8 39. f3 Qe5 40. Qg6+ Kd8
41. Rg3 Qf4 42. Qg8+ Kc7 43. Qd5 Qd2+ 44. Kh3 Be5 45. Qxc5+ Kd8 46. Qd5+ Kc7 47.
Qc6+ Kd8 48. Qd5+ Ke8 49. Bg6+ Kf8 50. Rg2 Qf4 51. Qd8+ Kg7 52. Qxe7+ Kxg6 53.
Qe6+ Kg7 54. Qg4 Qxg4+ 55. fxg4 Kf6 56. Rd2 Ke6 57. Kg2 Kd6 58. Kf3 Kc5 59. Ke4
Bg7 60. Rf2 Kb4 61. Rf5 Kc3 62. Rd5 Bf6 63. c5 1-0

[Event "Women's Speed Chess Q8"]
[Site "chess.com INT"]
[Date "2021.06.06"]
[Round "9"]
[White "Varney, Zoe"]
[Black "Priyanka, K"]
[Result "1-0"]
[WhiteTitle "WCM"]
[BlackTitle "WIM"]
[WhiteElo "1917"]
[BlackElo "2218"]
[WhiteFideId "436135"]
[BlackFideId "5082986"]
[EventDate "2021.06.06"]

1. e4 c5 2. Nf3 d6 3. d4 cxd4 4. Nxd4 Nf6 5. Nc3 a6 6. Be3 e5 7. Nb3 Be7 8. f3
Be6 9. Qd2 Nbd7 10. O-O-O O-O 11. g4 b5 12. h4 b4 13. Nd5 Bxd5 14. exd5 a5 15.
h5 Nb6 16. Bxb6 Qxb6 17. g5 Nd7 18. Bd3 a4 19. Na1 Nc5 20. Bxh7+ Kxh7 21. g6+
fxg6 22. hxg6+ Kxg6 23. Rdg1+ Kf7 24. Qg2 Bf6 25. Qg6+ Ke7 26. Rh7 Rf7 27. f4 b3
28. fxe5 dxe5 29. Re1 Qd6 30. c4 Rc8 31. Kb1 bxa2+ 32. Kxa2 Nb3 33. Nc2 Rxc4 34.
Ne3 Rf4 35. Nf5+ Rxf5 36. Qxf5 Qxd5 37. Qc8 Nc1+ 38. Kb1 Qd3+ 39. Qc2 Qxc2+ 40.
Kxc2 Nb3 41. Rd1 Rf8 42. Rh2 Rc8+ 43. Kb1 Ke6 44. Re2 Nd4 45. Rxd4 Rb8 46. Rxa4
g5 47. Ra6+ Kf7 48. Rf2 Kg7 49. Raxf6 e4 50. R6f5 Kg6 51. Re5 Rb4 52. Re2 g4 53.
R5xe4 Rxe4 54. Rxe4 Kf5 55. Re1 Kf4 56. b4 g3 57. b5 Kf3 58. b6 Kf2 59. Rc1 g2
60. b7 g1=Q 61. Rxg1 Kxg1 62. b8=Q Kf2 63. Qf4+ 1-0

[Event "Women's Speed Chess Q8"]
[Site "chess.com INT"]
[Date "2021.06.06"]
[Round "10"]
[White "Pandey, Srishti"]
[Black "Varney, Zoe"]
[Result "1-0"]
[WhiteTitle "WFM"]
[BlackTitle "WCM"]
[WhiteElo "2026"]
[BlackElo "1917"]
[WhiteFideId "35093290"]
[BlackFideId "436135"]
[EventDate "2021.06.06"]

1. e4 e5 2. Nc3 Nf6 3. Bc4 Nc6 4. d3 Bc5 5. f4 d6 6. f5 O-O 7. Bg5 a6 8. Nd5 Na5
9. Nxf6+ gxf6 10. Bh6 Kh8 11. Bxf8 Qxf8 12. Qh5 Nxc4 13. dxc4 Qg7 14. Qf3 Bd7
15. Ne2 Rg8 16. g3 c6 17. O-O-O b5 18. cxb5 cxb5 19. h3 Rc8 20. g4 b4 21. Kb1
Ba4 22. b3 Bb5 23. Ng3 a5 24. Nh5 Qh6 25. h4 a4 26. Rh2 axb3 27. axb3 Bd4 28.
Rg2 Bc3 29. g5 Ra8 30. Qxc3 bxc3 31. gxh6 1-0

[Event "Women's Speed Chess Q8"]
[Site "chess.com INT"]
[Date "2021.06.06"]
[Round "10"]
[White "Bivol, Alina"]
[Black "Eswaran, Ashritha"]
[Result "1-0"]
[WhiteTitle "WGM"]
[BlackTitle "WIM"]
[WhiteElo "2374"]
[BlackElo "2244"]
[WhiteFideId "4100123"]
[BlackFideId "2080788"]
[EventDate "2021.06.06"]

1. e4 c5 2. Nf3 d6 3. Bb5+ Nd7 4. Ba4 Nf6 5. O-O Nxe4 6. Re1 Nf6 7. d4 cxd4 8.
Nxd4 a6 9. c4 g6 10. Nc3 Bg7 11. Qe2 O-O 12. Qxe7 Qb6 13. Nf3 Re8 14. Qxe8+ Nxe8
15. Rxe8+ Nf8 16. Nd5 Qa5 17. Bb3 b6 18. Bd2 Qc5 19. Bb4 Bb7 20. Rxa8 1-0

[Event "Women's Speed Chess Q8"]
[Site "chess.com INT"]
[Date "2021.06.06"]
[Round "10"]
[White "Pourkashiyan, Atousa"]
[Black "Zhuravleva, Olga"]
[Result "1-0"]
[WhiteTitle "WGM"]
[BlackTitle "WIM"]
[WhiteElo "2322"]
[BlackElo "2278"]
[WhiteFideId "12502014"]
[BlackFideId "4145933"]
[EventDate "2021.06.06"]

1. e4 e5 2. Nf3 Nc6 3. Bb5 f5 4. Nc3 Nf6 5. d3 Bc5 6. O-O O-O 7. exf5 d6 8. Bxc6
bxc6 9. d4 exd4 10. Nxd4 Bxd4 11. Qxd4 Bxf5 12. Qc4+ Kh8 13. Qxc6 Bxc2 14. Bg5
Qd7 15. Qxd7 Nxd7 16. Rac1 Bd3 17. Rfd1 Rf5 18. Be3 Ba6 19. Nd5 c5 20. Nc7 Bb7
21. Nxa8 Bxa8 22. Rxd6 Rd5 23. Rxd5 Bxd5 24. Bxc5 Kg8 25. Bxa7 Bxa2 26. Rc7 Ne5
27. Bd4 Nf7 28. Rc8+ 1-0

[Event "Women's Speed Chess Q8"]
[Site "chess.com INT"]
[Date "2021.06.06"]
[Round "10"]
[White "Ambartsumova, Karina"]
[Black "Nemcova, Katerina"]
[Result "0-1"]
[WhiteTitle "IM"]
[BlackTitle "WGM"]
[WhiteElo "2382"]
[BlackElo "2331"]
[WhiteFideId "4166299"]
[BlackFideId "322750"]
[EventDate "2021.06.06"]

1. c4 e5 2. Nc3 Nf6 3. Nf3 d6 4. d4 exd4 5. Nxd4 g6 6. g3 Nc6 7. Bg2 Bd7 8. O-O
Bg7 9. Nc2 O-O 10. b3 a6 11. Bb2 Rb8 12. a4 Re8 13. Ne3 h5 14. Qd2 Ne5 15. Ncd5
Nxd5 16. Nxd5 b5 17. f4 Ng4 18. Bxg7 Kxg7 19. cxb5 axb5 20. Qc3+ Nf6 21. Nxc7
Rxe2 22. Nd5 Be6 23. Nxf6 Qxf6 24. Qxf6+ Kxf6 25. a5 Bxb3 26. Rfb1 Bc4 27. a6 d5
28. a7 Ra8 29. Bf1 Re7 30. Ra6+ Kg7 31. Rba1 Rb7 32. Kf2 b4 33. Bg2 Bxa6 0-1

[Event "Women's Speed Chess Q8"]
[Site "chess.com INT"]
[Date "2021.06.06"]
[Round "10"]
[White "Von Herman, Brigitte"]
[Black "Nguyen, Hong Ngoc"]
[Result "0-1"]
[WhiteTitle "WFM"]
[BlackTitle "WCM"]
[WhiteElo "1991"]
[BlackElo "1957"]
[WhiteFideId "4628730"]
[BlackFideId "12403083"]
[EventDate "2021.06.06"]

1. e4 c5 2. c3 d5 3. exd5 Qxd5 4. d4 Nf6 5. Nf3 Bg4 6. dxc5 Qxc5 7. Na3 e6 8.
Be3 Qc7 9. Qa4+ Nc6 10. Nb5 Qb8 11. Nxa7 Rxa7 12. Bxa7 Qxa7 13. Qxa7 Nxa7 14.
O-O-O Bc5 15. h3 Bxf3 16. gxf3 Bxf2 17. Rh2 Bg3 18. Rg2 Bf4+ 19. Kb1 O-O 20. h4
Nc6 21. Bd3 Ne5 22. Be2 Nd5 23. Rgg1 Be3 24. Rh1 Rc8 25. h5 h6 26. Rh4 Bg5 27.
Ra4 Nf4 28. Re1 Nxh5 29. Bd1 Nd3 30. Ree4 Nc5 31. Rec4 b5 32. Rxc5 Rxc5 33. Ra8+
Kh7 34. Bc2+ g6 35. Ra7 Kg7 36. Bd3 Nf4 37. Bf1 h5 38. Rb7 h4 39. Bxb5 h3 40.
Bf1 0-1

[Event "Women's Speed Chess Q8"]
[Site "chess.com INT"]
[Date "2021.06.06"]
[Round "10"]
[White "Gevorgyan, Maria"]
[Black "Socko, Monika"]
[Result "0-1"]
[WhiteTitle "WGM"]
[BlackTitle "GM"]
[WhiteElo "2219"]
[BlackElo "2393"]
[WhiteFideId "13300270"]
[BlackFideId "1106619"]
[EventDate "2021.06.06"]

1. e4 c5 2. Nc3 Nc6 3. Bb5 g6 4. Bxc6 bxc6 5. d3 Bg7 6. Be3 d6 7. Qd2 e5 8. Nge2
Ne7 9. O-O O-O 10. f4 f5 11. Rae1 Be6 12. b3 Qd7 13. Na4 Rae8 14. Ng3 fxe4 15.
Nxe4 Nd5 16. fxe5 Nxe3 17. Qxe3 Bxe5 18. Kh1 Bf5 19. Nd2 Bxh2 20. Qh6 Be5 21.
Nc4 Bg7 22. Qh2 Rd8 23. Re2 Be6 24. Rfe1 Rfe8 25. Nd2 Bd5 26. c4 Bf7 27. Ne4 Qf5
28. Rf2 Qxf2 29. Rg1 Qd4 30. Ng5 h6 31. Ne4 Qe5 32. Qh3 Be6 33. Qh4 Bf5 34. Ng3
Qf6 35. Qf4 Qg5 36. Qxg5 hxg5 37. Kh2 Kf7 38. Rf1 Rh8+ 39. Kg1 Bd4+ 0-1

[Event "Women's Speed Chess Q8"]
[Site "chess.com INT"]
[Date "2021.06.06"]
[Round "10"]
[White "Nikolova, Adriana"]
[Black "Dordzhieva, Dinara"]
[Result "0-1"]
[WhiteTitle "WGM"]
[BlackTitle "WGM"]
[WhiteElo "2243"]
[BlackElo "2311"]
[WhiteFideId "2908689"]
[BlackFideId "24157570"]
[EventDate "2021.06.06"]

1. e4 c5 2. Nf3 d6 3. d4 cxd4 4. Nxd4 Nf6 5. Nc3 a6 6. Bg5 Nbd7 7. f4 g6 8. Qf3
Bg7 9. O-O-O Qc7 10. Nd5 Nxd5 11. exd5 Nf6 12. h3 Bf5 13. Bd3 Bxd3 14. Rxd3 Rc8
15. Rc3 Qd7 16. Rxc8+ Qxc8 17. Re1 Qd7 18. c3 O-O 19. Bxf6 Bxf6 20. Qe4 Rc8 21.
Nf3 Qb5 22. Nd2 Rc5 23. g4 h6 24. a4 Qb6 25. Qe3 Qc7 26. Ne4 Rxd5 27. g5 hxg5
28. fxg5 Bg7 29. Rf1 Qc4 30. Qf3 Rf5 31. Nd2 Rxf3 32. Nxc4 Rxf1+ 33. Kc2 Rf2+
34. Kb3 Rg2 35. a5 Rxg5 36. Nb6 Rxa5 37. Nd7 0-1

[Event "Women's Speed Chess Q8"]
[Site "chess.com INT"]
[Date "2021.06.06"]
[Round "10"]
[White "Kulon, Klaudia"]
[Black "Sliwicka, Alicja"]
[Result "1-0"]
[WhiteTitle "IM"]
[BlackTitle "WIM"]
[WhiteElo "2363"]
[BlackElo "2308"]
[WhiteFideId "1131044"]
[BlackFideId "1150677"]
[EventDate "2021.06.06"]

1. c4 c5 2. g3 Nc6 3. Bg2 g6 4. Nc3 Bg7 5. e3 e5 6. Nge2 Nge7 7. O-O O-O 8. d3
d6 9. h3 Be6 10. Nd5 f5 11. Nec3 Nb4 12. a3 Nbxd5 13. cxd5 Bd7 14. f4 exf4 15.
gxf4 b5 16. a4 b4 17. Ne2 Bc8 18. Rb1 Bb7 19. e4 Rc8 20. b3 Kh8 21. Bb2 Ng8 22.
Bxg7+ Kxg7 23. Qd2 Qf6 24. Ng3 Ne7 25. Rbe1 Qd4+ 26. Kh2 fxe4 27. Rxe4 Qf6 28.
Re6 Qf7 29. Rxd6 Nxd5 30. f5 Rcd8 31. fxg6 Qxf1 32. Rxd8 Qxg2+ 33. Qxg2 Rxd8 34.
Nf5+ Kf6 35. gxh7 Ne7 36. Qg7+ Kxf5 37. Qxe7 Rh8 38. Qxb7 Kg6 39. Qxa7 Rxh7 40.
Qxc5 Rf7 41. Qxb4 1-0

[Event "Women's Speed Chess Q8"]
[Site "chess.com INT"]
[Date "2021.06.06"]
[Round "10"]
[White "Papp, Petra"]
[Black "Morris-Suzuki, Sophie"]
[Result "0-1"]
[WhiteTitle "WGM"]
[BlackTitle "WFM"]
[WhiteElo "2336"]
[BlackElo "2043"]
[WhiteFideId "739049"]
[BlackFideId "30922615"]
[EventDate "2021.06.06"]

1. e4 c5 2. Nf3 e6 3. d4 cxd4 4. Nxd4 a6 5. Bd3 Qc7 6. Nc3 Nf6 7. Qe2 d6 8. Bd2
b5 9. a3 Bb7 10. f4 Be7 11. g4 Nc6 12. Nxc6 Bxc6 13. g5 Nd7 14. O-O-O Nc5 15.
Kb1 Qb7 16. Rhe1 Rb8 17. Na2 d5 18. exd5 Bxd5 19. Nb4 Nxd3 20. cxd3 Bf3 21. Qe5
Bxd1 22. Qxg7 Rf8 23. Rxd1 a5 24. Nc2 b4 25. a4 b3 26. Nd4 Qd7 27. Bc3 Qxa4 28.
f5 Rc8 29. Ne2 Qa2+ 30. Kc1 Ba3 31. Kd2 Bxb2 32. Bxb2 Rc2+ 33. Ke3 Qxb2 34. Nd4
Re2+ 35. Kf3 Rf2+ 36. Ke3 Rxh2 37. Qe5 Qf2+ 38. Ke4 Rh4+ 0-1

[Event "Women's Speed Chess Q8"]
[Site "chess.com INT"]
[Date "2021.06.06"]
[Round "10"]
[White "Kanyamarala, Trisha"]
[Black "Linares Napoles, Oleiny"]
[Result "0-1"]
[WhiteTitle "WIM"]
[BlackTitle "WGM"]
[WhiteElo "2180"]
[BlackElo "2255"]
[WhiteFideId "45004722"]
[BlackFideId "3504794"]
[EventDate "2021.06.06"]

1. e4 d6 2. d4 Nf6 3. Nc3 g6 4. f4 Bg7 5. Nf3 c5 6. d5 O-O 7. Be2 b5 8. Nxb5
Nxe4 9. O-O Qb6 10. Kh1 Ba6 11. a4 Nd7 12. Bd3 Nef6 13. c4 Bxb5 14. axb5 a6 15.
bxa6 Rxa6 16. Rxa6 Qxa6 17. Qe2 Qb6 18. h3 Ra8 19. Kh2 Qb3 20. Nd2 Qb6 21. Nf3
Qd8 22. Re1 Kf8 23. Ng5 Rb8 24. Be3 Rxb2 25. Qf3 Kg8 26. Bf2 h6 27. Ne4 Nxe4 28.
Rxe4 Nf6 29. Re2 Rxe2 30. Qxe2 Qc7 31. Bh4 Kf8 32. Bg3 Qa7 33. f5 g5 34. Qb2
Ng4+ 35. hxg4 Bxb2 0-1

[Event "Women's Speed Chess Q8"]
[Site "chess.com INT"]
[Date "2021.06.06"]
[Round "10"]
[White "Eswaran, Aksithi"]
[Black "Matveeva, Olga"]
[Result "0-1"]
[WhiteTitle "WCM"]
[BlackTitle "WIM"]
[WhiteElo "1745"]
[BlackElo "2145"]
[WhiteFideId "2083485"]
[BlackFideId "24107018"]
[EventDate "2021.06.06"]

1. e4 e6 2. d4 d5 3. e5 c5 4. c3 Qb6 5. Nf3 Nc6 6. a3 Nh6 7. b4 cxd4 8. cxd4 Nf5
9. Bb2 Be7 10. Be2 Bd7 11. O-O Na5 12. Nc3 Nc4 13. Bxc4 dxc4 14. Ne4 O-O 15. Bc3
Bc6 16. Neg5 h6 17. Nh3 Rfd8 18. Nf4 Bxf3 19. Qxf3 Nxd4 20. Qg3 Bg5 21. Bxd4
Qxd4 22. Nh5 g6 23. Nf6+ Bxf6 24. exf6 Qxf6 25. Rac1 Rac8 26. Qe3 b6 27. Qxh6 c3
28. Qe3 c2 29. Qe2 Qc3 30. h4 Rd2 31. Qg4 Qxa3 32. h5 Qd3 33. hxg6 Qxg6 34. Qf4
Rcd8 35. Qc4 Kg7 36. Qc3+ Kg8 37. Rfe1 Qf5 38. Rf1 Qd3 39. Qc7 Rd1 40. Kh2 Rxf1
41. Rxf1 Qd6+ 42. Qxd6 Rxd6 43. Rc1 Rc6 44. Kg3 a5 45. bxa5 bxa5 46. Kf3 a4 47.
Ke2 a3 48. Kd2 a2 49. Ra1 c1=Q+ 50. Rxc1 Rxc1 51. Kxc1 a1=Q+ 0-1

[Event "Women's Speed Chess Q8"]
[Site "chess.com INT"]
[Date "2021.06.06"]
[Round "10"]
[White "Priyanka, K"]
[Black "Obregon Garcia, Roxangel"]
[Result "0-1"]
[WhiteTitle "WIM"]
[BlackTitle "WIM"]
[WhiteElo "2218"]
[BlackElo "2167"]
[WhiteFideId "5082986"]
[BlackFideId "3520420"]
[EventDate "2021.06.06"]

1. e4 c5 2. Nf3 Nc6 3. d4 cxd4 4. Nxd4 Nf6 5. Nc3 e6 6. Be3 Bb4 7. Bd3 d5 8.
exd5 Bxc3+ 9. bxc3 Nxd5 10. Nxc6 bxc6 11. Bd4 Qg5 12. O-O O-O 13. Qf3 e5 14. Bc5
Re8 15. c4 Nf4 16. Kh1 e4 17. Bxe4 Bg4 18. Qe3 f5 19. g3 Rxe4 20. gxf4 Qh5 21.
Qg3 Bf3+ 22. Kg1 Re6 23. Rae1 Rg6 24. Re3 Rxg3+ 25. fxg3 Be4 26. Rfe1 Rd8 27.
Bb4 Qh3 28. R3e2 Qg4 29. Re3 Rd1 30. Kf2 Rxe1 31. Kxe1 Bxc2 32. Re8+ Kf7 33.
Rf8+ Kg6 34. Rd8 Qf3 35. Rd6+ Kh5 36. Rd2 Bd3 37. Rf2 Qe3+ 0-1